000 00795cam a2200253 a 4500
001 000008416
005 20200929161335.0
008 970815s1996 mx 000 f spa d
020 _a968298856X
035 _a(OCoLC)37047421
040 _aDO-SdBNP
_cDLC
_dBNPHU
082 _aM863.44
_bR896L
100 1 _aRubial García, Antonio.
_922684
245 1 4 _aLos libros del deseo /
_cAntonio Rubial.
260 _aMéxico :
_bConsejo Nacional para la Cultura y las Artes, Dirección General de Publicaciones;
_bEdiciones del Equilibrista,
_c1996.
300 _a511 p. ;
_c22 cm.
490 1 _aHora actual
650 4 _aNovela mexicana
_93959
650 4 _aLiteratura mexicana
_91922
830 0 _aHora actual
_922685
910 _aCatalogación por copia / LC
910 _aWM
049 _aBNGR
999 _c8187
_d8187